000 00502cam a22002054a 4500
005 20250605164317.0
008 250528s ||||||||||||||||||||||||d
035 _a22739
020 _a9780805317558
040 _aGR-AtMCL
_bgre
_dGR-AtMCL
_eAACR2
245 1 _aFUNDAMENTALS OF DATABASE SYSTEMS
250 _a3
260 _bAddison-Wesley,
_c2000
300 _a955
700 1 _aElmasri Ramez
_94527
700 1 _aNavathe Shamkant B
_94528
942 _cBK
999 _c7784
_d7784